000 00389nam a2200145Ia 4500
008 220613s9999||||xx |||||||||||||| ||und||
020 _a9788185787350
100 _aSaraswati Satyananda Swami
245 0 _aSurya Namaskara A Technique Of Solar Vitalization
250 _a2nd(1983) Reprint 2015
260 _bBihar School Of Yoga Munger
300 _a97
650 _ayoga
942 _cGB
999 _c11731
_d11731